Aprender jugando : (Record no. 207577)

MARC details
000 -CABECERA
campo de control de longitud fija 00783nam a2200253 u 4500
005 - FECHA Y HORA DE LA ÚLTIMA TRANSACCIÓN
campo de control 20241012064147.0
008 - ELEMENTOS DE LONGITUD FIJA--INFORMACIÓN GENERAL
campo de control de longitud fija 200211s1989 mx r 000 0 spa d
020 ## - NÚMERO INTERNACIONAL NORMALIZADO PARA LIBROS
Número Internacional Estándar del Libro 9681821645 (v.2)
035 ## - NÚMERO DE CONTROL DEL SISTEMA
Número de control de sistema UPN01000235482
040 ## - FUENTE DE LA CATALOGACIÓN
Centro catalogador/agencia de origen MX-MxUPN
Lengua de catalogación spa
Centro/agencia transcriptor MX-MxUPN
050 #4 - SIGNATURA TOPOGRÁFICA DE LA BIBLIOTECA DEL CONGRESO
Número de clasificación LB1137
Número de documento/Ítem A24 1989
100 1# - ASIENTO PRINCIPAL--NOMBRE PERSONAL
Nombre de persona Acevedo Ibáñez, Alejandro
9 (RLIN) 47459
245 10 - MENCIÓN DE TÍTULO
Título Aprender jugando :
Resto del título dinámicas vivenciales para capacitación, docencia y consultoría
246 18 - FORMA VARIANTE DE TÍTULO
Título propio/Titulo breve Aprender jugando 2
250 ## - MENCIÓN DE EDICIÓN
Mención de edición Tercera edición
260 ## - PUBLICACIÓN, DISTRIBUCIÓN, ETC.
Lugar de publicación, distribución, etc. México, D.F. :
Nombre del editor, distribuidor, etc. Limusa,
Fecha de publicación, distribución, etc. 1989.
300 ## - DESCRIPCIÓN FÍSICA
Extensión volúmenes :
Otras características físicas ilustraciones
650 #4 - ASIENTO SECUNDARIO DE MATERIA - TERMINO TEMATICO
Término de materia o nombre geográfico como elemento de entrada Juegos educativos
9 (RLIN) 3952
650 #4 - ASIENTO SECUNDARIO DE MATERIA - TERMINO TEMATICO
Término de materia o nombre geográfico como elemento de entrada Aprendizaje
9 (RLIN) 2861
902 ## - ELEMENTOS DE DATOS B LOCAL, LDB (RLIN)
Creó NoemiAcosta/101122
905 ## - TIPO DE MATERIAL
Tipo de material Libro
942 ## - ELEMENTOS DE PUNTO DE ACCESO ADICIONAL (KOHA)
Suprimir en OPAC No
Tipo de ítem Koha Libro
Fuente del sistema de clasificación o colocación Library of Congress Classification
Holdings
Estado de retiro Estado de pérdida Fuente del sistema de clasificación o colocación Estado dañado No para préstamo Código de colección Localización permanente Ubicación/localización actual Ubicación en estantería Fecha de adquisición Enumeración/cronología de publicación seriada Clasificación Código de barras Fecha visto por última vez Tipo de ítem Koha
    Library of Congress Classification     Colección General Bib. Gregorio Torres Quintero Bib. Gregorio Torres Quintero Planta baja 10/11/2022 v.2 LB1137 A24 1989 334469 31/12/2020 Libro